• 首页
  • 本馆介绍
  • 公告通知
  • 最新文献
  • 馆藏检索
  • 电子资源
  • 读者导购
  • 参考咨询
  • 我的图书馆
  • 登录
  • 详细信息显示
  • 放入我的书架
  • 预约/预借图书
  • 作者相关作品
  • 分类相关作品
  • 丛书相关作品
  • 出版社相关作品

书目信息

  • 表格格式
  • 工作单格式
  • 卡片格式
题名:
高速数字电路设计与安装技巧
    
 
作者: 日久保寺忠 著 ;冯杰 译
分册:  
出版信息: 北京   科学出版社  2006
页数: 258页
开本: 20cm
丛书名:
单 册:
中图分类: TN79.64
科图分类:
主题词: 数字电路
电子资源:
ISBN: 7-03-017499-2
000 00636nam0 2200193 450
001 0735592734
005 20070906095312.73
010    @a7-03-017499-2@d¥37.00
100    @a20070906d km y0chiy0120 ea
101 0  @achi
200 1  @a高速数字电路设计与安装技巧@Agao su shu zi dian lu she ji yu an zhuang ji qiao@f[日]久保寺忠著@F[ri]jiu bao si zhong zhu@g冯杰等译@Gfeng jie deng yi
210    @a北京@c科学出版社@d2006
215    @a258页@d20cm
606 0  @a数字电路
690    @aTN79.64@v3
701  0 @a日久保寺忠@Ari jiu bao si zhong@4著
702  0 @a冯杰@Afeng jie@4译
801  0 @aCN@bPFT@c20070906
905    @a213230@dTN79.64@ep7:7@f1
    
    高速数字电路设计与安装技巧/[日]久保寺忠著/冯杰等译.-北京:科学出版社,2006
    258页;20cm
    
    
    ISBN 7-03-017499-2:¥37.00
    
●
相关链接 在E读中查询图书 在五车中查询图书 在当当中查询图书 在豆瓣中查询图书


正题名:高速数字电路设计与安装技巧     索取号:TN79.64/p7:7         预约/预借

序号 登录号 条形码 馆藏地/架位号 状态 备注
1 7202091   272020902   物理系资料室/ [索取号:TN79.64/p7:7] 在馆    
2 7202092   272020911   密集书库-物理学院/ [索取号:TN79.64/p7:7] 在馆    
3 7202093   272020920   密集书库-物理学院/ [索取号:TN79.64/p7:7] 在馆    
4 7202094   272020939   密集书库-物理学院/ [索取号:TN79.64/p7:7] 在馆    
5 7202095   272020948   密集书库-物理学院/ [索取号:TN79.64/p7:7] 在馆    
唐山师范学院图书馆 欢迎您!
大连网信软件有限公司© 版权所有